| 000 -LEADER |
| fixed length control field |
00572 a2200205 4500 |
| 003 - CONTROL NUMBER IDENTIFIER |
| control field |
OSt |
| 005 - DATE AND TIME OF LATEST TRANSACTION |
| control field |
20260220122807.0 |
| 008 - FIXED-LENGTH DATA ELEMENTS--GENERAL INFORMATION |
| fixed length control field |
260220b ||||| |||| 00| 0 eng d |
| 020 ## - INTERNATIONAL STANDARD BOOK NUMBER |
| International Standard Book Number |
9781473779112 |
| 040 ## - CATALOGING SOURCE |
| Transcribing agency |
. |
| 082 ## - DEWEY DECIMAL CLASSIFICATION NUMBER |
| Classification number |
658.7 |
| Item number |
W396 |
| 100 ## - MAIN ENTRY--PERSONAL NAME |
| 9 (RLIN) |
4968 |
| Personal name |
Weele, Arjan J. Van |
| 245 ## - TITLE STATEMENT |
| Title |
Procurement and supply chain management / |
| Statement of responsibility, etc. |
Arjan J. Van Weele and Frank Rozemeijer |
| 250 ## - EDITION STATEMENT |
| Edition statement |
8th ed. |
| 260 ## - PUBLICATION, DISTRIBUTION, ETC. |
| Name of publisher, distributor, etc. |
Cenage Learning |
| Place of publication, distribution, etc. |
UK : |
| Date of publication, distribution, etc. |
2022. |
| 300 ## - PHYSICAL DESCRIPTION |
| Extent |
415 p. |
| 650 #0 - SUBJECT ADDED ENTRY--TOPICAL TERM |
| 9 (RLIN) |
6484 |
| Topical term or geographic name entry element |
Supply Chain Management |
| 700 ## - ADDED ENTRY--PERSONAL NAME |
| 9 (RLIN) |
6657 |
| Personal name |
Rozemeijer, Frank |
| 942 ## - ADDED ENTRY ELEMENTS (KOHA) |
| Source of classification or shelving scheme |
|
| Koha item type |
Books |